000 01052nam a22003137a 4500
003 CHAP
005 20220329134806.0
008 971013s1979 r 00010 d
010 _a25984
011 _a26956
035 _a31057
040 _cCHAP
082 _a631.7
_bI56 1979
110 _aInternational Irrigation Information Center
_959734
245 _aIrrigation equipment manufacturers directory
250 _a2 ed.
260 _aBet Dagan :
_bInternational Irrigation Information Center,
_c1979
300 _a312 p
590 _aBATCH-UPD
_b10
_c20130110
_lUCH01
_h1834
590 _aBATCH-UPD
_b10
_c20130410
_lUCH01
_h1206
590 _aBATCH-UPD
_b10
_c20130914
_lUCH01
_h1657
590 _aCONVERSION
_b10
_c20130109
_lUCH01
_h1315
650 1 4 _aIrrigación
_xImplementos y maquinaria.
_960421
650 1 4 _aMaquinaria agrícola
_xDirectorios.
_971166
901 _aBK
942 _cLIBRO
949 _a631.7 I56 1979
_bBC
_cC
_d33724000647178
_eC
_fc.2
_h52629
_i31057
_si
949 _a631.7 I56 1979
_bBC
_cC
_d33724000647186
_eC
_h52480
_i31057
_si
999 _c25984
_d25984